KOHA-Header-6

Armaghan-e-Hijaz (Record no. 7061)

000 -LEADER
fixed length control field 00210nam a2200097Ia 4500
100 ## - MAIN ENTRY--AUTHOR NAME
Personal name Shaikh Muhammad Bashir
245 #0 - TITLE STATEMENT
Title Armaghan-e-Hijaz
260 ## - PUBLICATION, DISTRIBUTION, ETC. (IMPRINT)
Place of publication Islamabad
Name of publisher Sang-e-Meel
Year of publication 2006
300 ## - PHYSICAL DESCRIPTION
Number of Pages 124
942 ## - ADDED ENTRY ELEMENTS (KOHA)
Koha item type Books
Holdings
Withdrawn status Lost status Collection code Permanent Location Current Location Shelving location Date acquired Full call number Accession Number Koha item type
    Urdu Literature MAJU MAJU   2019-09-12 808.8 677 Urdu Literature

Powered by Koha